20 Largest Countries without 1 million Cities - Statistics

General Stats
  • This quiz has been taken 201 times
  • The average score is 9 of 20
Answer Stats
# COUNTRY % Correct
11 Iceland
61%
1 Namibia
61%
7 Guyana
54%
4 Papua New Guinea
54%
8 Suriname
54%
6 Laos
53%
9 Tajikistan
49%
3 Botswana
47%
17 Estonia
47%
13 Latvia
47%
18 Bhutan
45%
12 Lithuania
45%
2 South Sudan
40%
10 Eritrea
38%
20 Moldova
38%
5 Gabon
37%
15 Bosnia and Herzegovina
36%
14 Croatia
35%
16 Slovakia
33%
19 Guinea-Bissau
22%
No matching quizzes found
Score Distribution
Percent of People with Each Score
Percentile by Number Answered
Your Score History
You have not taken this quiz